000 00664nam a2200241 i 4500
001 bg
100 1 _aKlugiewicz, Jan.
245 1 0 _aHydrologia /
_cJan Klugiewicz.
260 _aBydgoszcz :
_bWydawnictwa Uczelniane Uniwersytetu Technologiczno-Przyrodniczego,
_ccop. 2007.
300 _a172 s. :
_bil. ;
_c24 cm.
504 _aBibliogr. s. 140-141. Indeks.
650 9 _aHydrologia
655 _aPodręczniki akademickie
015 _aPB 13072/2008
020 _a9788389334831
040 _cBPK
041 _apol
044 _aPOL
080 _a556(075.8)
920 _a978-83-89334-83-1
942 _cKS
008 080520s2007 pl a |001 0 pol
999 _c55478
_d55478
856 _uhttp://koha.tu.koszalin.pl/cgi-bin/koha/opac-detail.pl?biblionumber=55478
_yKatalog online BPK